Hummingbirds : friends of flowers / by Bryan ... Read More
Available copies
- 1 of 1 copy available at LARL/NWRL Consortium.
- 1 of 1 copy available at Lake Agassiz Regional Library. (Show preferred library)
Current holds
0 current holds with 1 total copy.
Show Only Available Copies
| Location | Call Number / Copy Notes | Barcode | Shelving Location | Status | Due Date |
|---|---|---|---|---|---|
| Fertile Public Library | J 598.764 LAN (Text) | 33500014381693 | New | Available | - |
Record details
- ISBN: 9798895776278
- ISBN: 9798895777879
- Physical Description: 24 pages color illustrations 24 cm
- Publisher: Minneapolis, Minnesota : Bearport Publishing Company, [2026]
Content descriptions
| Bibliography, etc. Note: | Includes bibliographical references (page 24) and ... Read More |
| Formatted Contents Note: | A blur of color -- High energy -- Flower finders ... Read More |
| Summary, etc.: | "Hummingbirds fly from flower to flower. Zoom! ... Read More |
| Target Audience Note: | Ages 9 Bearport Publishing Company. Grades 2-3 Bearport Publishing Company. |
Search for related items by subject
| Subject: | Hummingbirds. |
| Genre: | Juvenile literature. |
Search for related items by series
| LDR | 03439cam a2200565 i 4500 | ||
|---|---|---|---|
| 001 | 488313 | ||
| 003 | LARL_NWRL_CONSORTIUM | ||
| 005 | 20260521191136.0 | ||
| 008 | 250710s2026 mnua j b 001 0 eng | ||
| 007 | t| | ||
| 010 | . | ‡a 2025031859 | |
| 040 | . | ‡aDLC ‡beng ‡erda ‡cDLC | |
| 020 | . | ‡a9798895776278 ‡qlibrary binding | |
| 020 | . | ‡a9798895777879 ‡qpaperback | |
| 020 | . | ‡z9798895777152 ‡qebook | |
| 035 | . | ‡a(OCoLC)1536122806 | |
| 042 | . | ‡apcc | |
| 082 | 0 | 0. | ‡a598.7/64 ‡223/eng/20250912 |
| 100 | 1 | . | ‡aLangdo, Bryan ‡eauthor ‡4aut ‡4http://id.loc.gov/vocabulary/relators/aut ‡1http://id.loc.gov/rwo/agents/n00040764. ‡0(LARL_NWRL_CONSORTIUM)44267 |
| 245 | 1 | 0. | ‡aHummingbirds : ‡bfriends of flowers / ‡cby Bryan Langdo. |
| 264 | 1. | ‡aMinneapolis, Minnesota : ‡bBearport Publishing Company, ‡c[2026] | |
| 300 | . | ‡a24 pages ‡bcolor illustrations ‡c24 cm | |
| 334 | . | ‡asingle unit ‡bmono ‡0http://id.loc.gov/vocabulary/issuance/mono | |
| 336 | . | ‡atext ‡btxt ‡2rdacontent ‡0http://id.loc.gov/vocabulary/contentTypes/txt | |
| 337 | . | ‡aunmediated ‡bn ‡2rdamedia ‡0http://id.loc.gov/vocabulary/mediaTypes/n | |
| 338 | . | ‡avolume ‡bnc ‡2rdacarrier ‡0http://id.loc.gov/vocabulary/carriers/nc | |
| 340 | . | ‡pillustrations. ‡0http://id.loc.gov/vocabulary/millus/ill | |
| 340 | . | ‡gcolor. ‡0http://id.loc.gov/vocabulary/mcolor/mul | |
| 353 | . | ‡abibliography ‡bbibliography ‡0http://id.loc.gov/vocabulary/msupplcont/bibliography | |
| 353 | . | ‡aindex ‡bindex ‡0http://id.loc.gov/vocabulary/msupplcont/index | |
| 385 | . | ‡mAge group ‡nage ‡aChildren ‡2lcdgt ‡0http://id.loc.gov/authorities/demographicTerms/dg2015060010 | |
| 490 | 0 | . | ‡aPollinator power! |
| 504 | . | ‡aIncludes bibliographical references (page 24) and index. | |
| 505 | 0 | . | ‡aA blur of color -- High energy -- Flower finders -- The perfect shape -- Extraordinary tongues -- Pollen movers -- Tiny travelers -- Big brains -- Eco helpers -- Pollinator dangers. |
| 520 | . | ‡a"Hummingbirds fly from flower to flower. Zoom! These speedy critters are on the hunt for a delicious snack-nectar. But what they are doing is much bigger than grabbing a meal. These pollinators play an important role in helping plants grow! Let's take a journey on how hummingbirds spread pollen everywhere they go. A backmatter section highlights the dangers to the pollinator's life and how that affects the foods we eat and the ways we live"-- Provided by publisher. | |
| 521 | . | ‡aAges 9 ‡bBearport Publishing Company. | |
| 521 | . | ‡aGrades 2-3 ‡bBearport Publishing Company. | |
| 650 | 0. | ‡aHummingbirds. ‡0(LARL_NWRL_CONSORTIUM)22547 | |
| 655 | 4. | ‡aJuvenile literature. | |
| 758 | . | ‡1http://id.loc.gov/resources/instances/in00024278671 | |
| 758 | . | ‡4http://id.loc.gov/ontologies/bibframe/instanceOf ‡1http://id.loc.gov/resources/works/in00024278671 | |
| 776 | 0 | 8. | ‡iOnline version ‡4http://id.loc.gov/entities/relationships/onlineversion ‡aLangdo, Bryan ‡tHummingbirds ‡dMinneapolis, Minnesota: Bearport Publishing Company, [2026] ‡w(DLC) 2025031860 ‡z9798895777152 |
| 884 | . | ‡aDLC bibframe2marc v3.2-dev ‡g20260520 ‡qDLC ‡uhttps://github.com/lcnetdev/bibframe2marc/tree/v3.2-dev | |
| 901 | . | ‡a488313 ‡bAUTOGEN ‡c488313 ‡tbiblio | |

Add to basket
Permalink
Disable Highlighting